[Event "Polanica Zdroj op-B 56th"]
[Site "Polanica Zdroj"]
[Date "2020.08.23"]
[Round "9"]
[White "Rapiej, Andrzej"]
[Black "Jaremczyk, Antoni"]
[Result "1-0"]
[WhiteElo "1731"]
[BlackElo "1376"]
[PlyCount "65"]
[EventDate "2020.08.15"]
[EventType "swiss"]
[EventRounds "9"]
[EventCountry "POL"]
[SourceTitle "CBM 198 Extra"]
[Source "ChessBase"]
[SourceDate "2020.11.30"]
[SourceVersion "1"]
[SourceVersionDate "2020.11.30"]
[SourceQuality "1"]

1. e4 e5 2. f4 d6 3. Bc4 Be7 4. Nf3 Nc6 5. 0-0 Nf6 6. c3 0-0 7. d3 Bg4 8. h3 Bxf3 9. Qxf3 Na5 10. Bb5 c6 11. Ba4 b5 12. Bc2 Re8 13. Be3 Bf8 14. Nd2 c5 15. d4 cxd4 16. cxd4 Nc4 17. Nxc4 bxc4 18. fxe5 dxe5 19. dxe5 Rxe5 20. Bf4 Bc5+ 21. Kh1 Re7 22. Bg5 Bd4 23. Rad1 Qb6 24. e5 Rae8 25. exf6 Re2 26. fxg7 f6 27. Qf5 Rxc2 28. Qxc2 Kxg7 29. Bf4 Qxb2 30. Qf5 Re7 31. Qg4+ Kh8 32. Bc1 Qb7 33. Rxd4 1-0